000 00604nam a2200169Ia 4500
005 20250923144744.0
008 008 250917s9999 xx 000 0 eng d
037 _aTextual
040 _aDSWL
_beng
_cDSWL
041 _aeng
_2eng
084 _aX8(M7:7):9.251'N60t4, N61
_qDSWL
100 _aBhatia, Pritam Singh
_9828072
245 0 _aStudy of working and living condition of 100 handloom wears in Delhi
_cby Pritam Singh Bhatia
260 _aDelhi
_bDelhi Delhi School of Social Work
_c1961
942 _cTEXL
_hX8(M7:7):9.251'N60t4, N61
999 _c1442947
_d1442947